<?xml version="1.0" encoding="UTF-8"?>
<collection xmlns="http://www.loc.gov/MARC21/slim">
 <record>
  <leader>01158cam a2200241 7i4500</leader>
  <controlfield tag="001">0000005502</controlfield>
  <controlfield tag="005">20020403090000.0</controlfield>
  <datafield tag="010" ind1="#" ind2="#">
   <subfield code="a">81110864</subfield>
  </datafield>
  <datafield tag="020" ind1="0" ind2="0">
   <subfield code="a">0852381034 (pbk.) </subfield>
  </datafield>
  <datafield tag="090" ind1="0" ind2="0">
   <subfield code="a">SH 346 </subfield>
   <subfield code="b">I61 1978</subfield>
  </datafield>
  <datafield tag="110" ind1="1" ind2="0">
   <subfield code="a">International Atlantic Salmon Symposium (2nd)(</subfield>
   <subfield code="i">Edinburgh, Scotland.:</subfield>
   <subfield code="c">1978)</subfield>
  </datafield>
  <datafield tag="245" ind1="1" ind2="0">
   <subfield code="a">Atlantic salmon : </subfield>
   <subfield code="b">its future:proceedings of the Second International Atlantic Salmon Symposium, Edinburgh 1978  </subfield>
   <subfield code="c">sponsored by the International Atlantic Salmon Foundation and the Atlantic Salmon Research Trust; editor A.E.J. Went..</subfield>
  </datafield>
  <datafield tag="260" ind1="0" ind2="0">
   <subfield code="a">Farnham, Surrey, England: </subfield>
   <subfield code="b">Fishing News Books, </subfield>
   <subfield code="c">1980..</subfield>
  </datafield>
  <datafield tag="300" ind1="#" ind2="#">
   <subfield code="a">249 p.: </subfield>
   <subfield code="b">ill.; </subfield>
   <subfield code="c">22 cm..</subfield>
  </datafield>
  <datafield tag="504" ind1="0" ind2="0">
   <subfield code="a">Includes bibliographies.</subfield>
  </datafield>
  <datafield tag="650" ind1="0" ind2="0">
   <subfield code="a">Salmon fisheries -- </subfield>
   <subfield code="x">Congresses. -- </subfield>
   <subfield code="z">Atlantic Ocean </subfield>
  </datafield>
  <datafield tag="650" ind1="0" ind2="0">
   <subfield code="a">Fishery management, International -- </subfield>
   <subfield code="x">Congresses. -- </subfield>
   <subfield code="z">Atlantic Ocean </subfield>
  </datafield>
  <datafield tag="650" ind1="0" ind2="0">
   <subfield code="a">Atlantic salmon -- </subfield>
   <subfield code="x">Congresses. </subfield>
  </datafield>
  <datafield tag="700" ind1="1" ind2="1">
   <subfield code="a">Went, </subfield>
   <subfield code="h">A. E. J.(</subfield>
   <subfield code="d">1910- .) </subfield>
  </datafield>
  <datafield tag="710" ind1="2" ind2="1">
   <subfield code="a">International Atlantic Salmon Foundation. </subfield>
  </datafield>
  <datafield tag="710" ind1="2" ind2="1">
   <subfield code="a">Atlantic Salmon Research Trust. </subfield>
  </datafield>
  <datafield tag="999" ind1=" " ind2=" ">
   <subfield code="a">1100012458</subfield>
   <subfield code="b">Book</subfield>
   <subfield code="c">Open Shelf</subfield>
   <subfield code="e">KOLEKSI TERBUKA</subfield>
  </datafield>
  <datafield tag="999" ind1=" " ind2=" ">
   <subfield code="a">1900047045</subfield>
   <subfield code="b">Book</subfield>
   <subfield code="c">Open Shelf</subfield>
   <subfield code="e">KOLEKSI TERBUKA</subfield>
  </datafield>
 </record>
</collection>
